000 01586cam a2200157 4500500
005 20260329023210.0
041 _afre
042 _adc
100 1 0 _aMillliot, Vincent
_eauthor
700 1 0 _aMilliot, Vincent
_eauthor
700 1 0 _aMinard, Philippe
_eauthor
245 0 0 _aLa France d'Ancien Régime : Pouvoirs et société
260 _bArmand Colin,
_c2018.
520 _aLa France d’Ancien Régime constitue un univers à la fois fascinant et dépaysant pour l’observateur contemporain : la société tout entière est organisée de façon hiérarchique et pyramidale, autour des deux piliers que sont la monarchie et l’Église catholique qui, ensemble, gouvernent la vie de 20 à 28 millions de Français, appelés à louer Dieu et vénérer leur roi. Nourri des recherches les plus récentes et appuyé sur une longue expérience pédagogique, ce livre propose des clés pour comprendre les structures et le fonctionnement de la société française des XVIe, XVIIe et XVIIIe siècles. De manière claire et vivante, il restitue les conditions de vie, les manières de croire et de penser des différentes catégories de Français, et analyse de façon dynamique la lente construction de l’État royal ainsi que les contradictions qui exploseront en 1789. Une attention particulière a été portée aux outils et instruments de travail destinés à faciliter la réussite des étudiants de Licence auxquels ce livre s’adresse en priorité.
856 4 1 _uhttps://shs.cairn.info/la-france-d-ancien-regime--9782200620141?lang=fr&redirect-ssocas=7080
999 _c1925429
_d1925429